LEADER 01758nam a2200361 u 4500 001 000000018645 003 CaOOAMICUS 005 20070226110710.0 008 941221s1962 sw u000 u ger u 035 $a10442198 040 $aPUL$bita 100 1 $aLarsson, Edvin.$0(OLS)http://pul/name/16547 245 10$aChristus als Vorbild :$beine Untersuchung zu den paulinischen Tauf- und Eikontexten /$cEdvin Larsson. 260 $aUppsala :$bC.W.K. Gleerup ;$aKopenhagen :$bE. Munksgaard,$c1962. 300 $a361 p. ;$c24 cm 490 1 $aActa Seminarii Neotestamentici Upsaliensis ;$v23 500 $aComprende indici. 504 $aBibliografia: p. [324]-348. 630 04$aBiblia.$pN.T.$pPauli epistolae.$0(OLS)http://pul/subject/37973 630 04$aBiblia.$pN.T.$pPauli epistolae$xCritica e interpretazione.$0(OLS)http://pul/subject/36488 650 4$aBattesimo.$0(OLS)http://pul/subject/1772 650 4$aCristologia.$0(OLS)http://pul/subject/1402 830 0$aActa Seminarii Neotestamentici Upsaliensis ;$v23.$0(OLS)http://pul/title/6868 850 $aPUL 852 $aPUL$W1$xSL Religione 1$y3$m9 G 32$j26255$nBK-PRI$b $qStampati$B26255$CPULBib$Z2$F26255 $H $81 852 $aPUL$W1$xDP1 Fondo Bordoni$y120$m3 H 26$j167227$qFondi$B175861$CPULBib$Z2$F175861 $HBor1506 $81 941 1 $a8 960 $aIesus Christus$91402 960 $aIesus Christus$91402 961 $aINV: 28481 996 $6245$aChristus als Vorbild :$beine Untersuchung zu den paulinischen Tauf- und Eikontexten$9(OLS)http://pul/title/26523 996 $6260$aUppsala :$bC.W.K. Gleerup$9(OLS)http://pul/publisher/55836 996 $6260$aKopenhagen :$bE. Munksgaard$9(OLS)http://pul/publisher/55837 LEADER 01087nam a2200253 a 4500 001 000000120897 003 CaOOAMICUS 005 20100326093658.0 008 100326t2009 it u000 u ita r 020 $a978-88-348-9783-6 040 $aPUL$bita$dReb 100 1 $aPunzi, Antonio.$0(OLS)http://pul/name/70189 245 10$aDialogica del diritto :$bstudi per una filosofia della giurisprudenza /$cAntonio Punzi. 260 $aTorino :$bG. Giappichelli,$cİ2009. 300 $a315 p. ;$c23 cm 504 $aBibliografia in nota. 650 4$aFilosofia del diritto.$0(OLS)http://pul/subject/620 850 $aPUL 852 $aPUL$W1$xSL Diritto e Scienze Sociali 3$y79$m340. 1 PUNAN 2$j138636$qDDC 21$q $B137856$CPULBib$Z2$F137856 $H112617 $81 941 1 $a9 960 $aDiritto$xFilosofia$9620 996 $6020$a978-88-348-9783-6$9(OLS)http://pul/number/143686 996 $6245$aDialogica del diritto :$bstudi per una filosofia della giurisprudenza$9(OLS)http://pul/title/152057 996 $6260$aTorino :$bG. Giappichelli$9(OLS)http://pul/publisher/49130